| 000 | 00636cam a2200205 a 4500 | ||
|---|---|---|---|
| 001 | 000035299 | ||
| 005 | 20200930074235.0 | ||
| 008 | 790517s2010 sp 000 0 spa d | ||
| 020 | _a9788497644792 | ||
| 040 |
_aDO-SdBNP _bspa _cBNPHU |
||
| 082 |
_axxxx _bG599f |
||
| 100 | 1 |
_aGoethe, Johann Wolfgang Von, _d1749-1832 _912995 |
|
| 240 | 1 | 0 | _aFaust |
| 245 | 1 | 0 |
_aFausto / _cJohann Wolfgang Goethe ;traducción Enriquez López Castellón. |
| 260 |
_aEspaña : _bEdimat Libros, _c2010. |
||
| 300 |
_a313 p. ; _c18 cm. |
||
| 490 | 1 | _aClásico de la literatura dominicana | |
| 700 | 1 | 2 |
_aLópez Castellón, Enriquez _961067 |
| 049 | _aBNGR | ||
| 999 |
_c34790 _d34790 |
||